000
00199 a2200097 4500
001
41338
100
_a
Ali, K
245
_a
All the worlds a/c
260
_a
London
_b
Jane's
_c
090
_c
25521
_d
25521
942
_a
NUST-CAE
_c
M
_c
17249
999
_c
276411
_d
276411